000 00253nam a2200097Ia 4500
008 190216s9999||||xx |||||||||||||| ||und||
100 _aRamakrishnan Deshamangalam
245 0 _aBhasha Shashthra Darpanam
260 _bKerala Basha Inst
942 _cBK
999 _c37543
_d37543